000 00250nam a2200097Ia 4500
008 240331s9999 xx 000 0 und d
082 _bART
100 _aSalvi, Giulia, . ed
245 0 _aArt andhistory of Egypt :
_b5000 years of civilization
942 _cL
999 _c3543
_d3543